Statistics for Top Asian Languages on a Map

Click here to take the quiz!

General Stats

  • This quiz has been taken 13,998 times
  • The average score is 23 of 58

Answer Stats

Speakers Language % Correct
125 milJapanese
97%
955 milMandarin
96%
295 milArabic
96%
155 milRussian
95%
76 milKorean
94%
63 milTurkish
93%
310 milHindi
90%
77 milMalay/Indonesian
90%
56 milThai
88%
28 milTagalog
83%
59 milCantonese
82%
45 milPersian
81%
76 milVietnamese
81%
11 milKazakh
75%
205 milBengali
75%
16 milKhmer
73%
26 milUzbek
65%
66 milUrdu
65%
70 milTamil
63%
33 milBurmese
61%
23 milAzerbaijani
59%
21 milKurdish
56%
16 milTurkmen
55%
39 milPashto
48%
100 milPunjabi
43%
80 milWu
41%
82 milJavanese
40%
47 milMin Nan
37%
49 milGujarati
31%
17 milNepali
30%
16 milSinhalese
22%
73 milMarathi
21%
76 milTelugu
21%
38 milKannada
17%
38 milMalayalam
17%
15 milAssamese
13%
31 milHakka
10%
26 milSindhi
10%
33 milOriya
10%
21 milCebuano
9%
38 milSundanese
8%
48 milJin
7%
38 milXiang
7%
29 milBhojpuri
6%
22 milGan
6%
27 milMaithili
5%
10.9 milNorthern Min
4%
17 milSaraiki
3%
16 milChittagonian
3%
16 milZhuang
3%
22 milAwadhi
3%
15 milMadurese
3%
14 milMarwari
3%
14 milHaryanvi
3%
12 milChhattisgarhi
3%
11 milDeccan
3%
14 milMagahi
2%
10.7 milSylheti
2%

Score Distribution

Percentile by Number Answered

Percent of People with Each Score

Your Score History

You have not taken this quiz